00344nam a2200133Ia 4500008004100000020001500041041001200056082001100068100002300079245005700102260003100159300000800190650001200198221030s9999 xx 000 0 und d a0333910168 aEnglish a105.23 aT. Balasubramanian 2aA Text Book of English Phonetics for Indian Students bMacmillanaNew Delhic2008 a207 aEnglish